<?xml version="1.0" encoding="UTF-8"?>
<record
    xmlns:xsi="http://www.w3.org/2001/XMLSchema-instance"
    xsi:schemaLocation="http://www.loc.gov/MARC21/slim http://www.loc.gov/standards/marcxml/schema/MARC21slim.xsd"
    xmlns="http://www.loc.gov/MARC21/slim">

  <leader>01260cam a2200301 a 4500</leader>
  <controlfield tag="001">3860592</controlfield>
  <controlfield tag="003">OSt</controlfield>
  <controlfield tag="005">20220310162426.0</controlfield>
  <controlfield tag="008">890324s1987    fi a     b   f100 0 eng  </controlfield>
  <datafield tag="010" ind1=" " ind2=" ">
    <subfield code="a">   88131990 </subfield>
  </datafield>
  <datafield tag="020" ind1=" " ind2=" ">
    <subfield code="a">9514703480</subfield>
  </datafield>
  <datafield tag="040" ind1=" " ind2=" ">
    <subfield code="a">DLC</subfield>
    <subfield code="c">HU</subfield>
    <subfield code="d">DLC</subfield>
  </datafield>
  <datafield tag="043" ind1=" " ind2=" ">
    <subfield code="a">d------</subfield>
  </datafield>
  <datafield tag="050" ind1="0" ind2="0">
    <subfield code="a">SD356.54.D44</subfield>
    <subfield code="b">F67 1987</subfield>
  </datafield>
  <datafield tag="082" ind1="0" ind2="0">
    <subfield code="a">634.9/072 TEM 1987</subfield>
    <subfield code="2">19</subfield>
  </datafield>
  <datafield tag="245" ind1="0" ind2="0">
    <subfield code="a">Forestry research management /</subfield>
    <subfield code="c">authors, A.B. Temu ... [et al.] ; ed., Forestry Training Programme (FTP), National Board of Vocational Education.</subfield>
  </datafield>
  <datafield tag="260" ind1=" " ind2=" ">
    <subfield code="a">Helsinki, Finland :</subfield>
    <subfield code="b">Finnida :</subfield>
    <subfield code="b">Available through Forestry Training Programme (FTP),</subfield>
    <subfield code="c">1987.</subfield>
  </datafield>
  <datafield tag="300" ind1=" " ind2=" ">
    <subfield code="a">166 p. :</subfield>
    <subfield code="b">ill. ;</subfield>
    <subfield code="c">26 cm.</subfield>
  </datafield>
  <datafield tag="440" ind1=" " ind2="0">
    <subfield code="a">FTP publications,</subfield>
    <subfield code="x">0783-1757 ;</subfield>
    <subfield code="v">20</subfield>
    <subfield code="9">32702</subfield>
  </datafield>
  <datafield tag="500" ind1=" " ind2=" ">
    <subfield code="a">Based on papers presented at a training course held in Nairobi, Kenya, 13-29 October, 1986.</subfield>
  </datafield>
  <datafield tag="504" ind1=" " ind2=" ">
    <subfield code="a">Includes bibliographies.</subfield>
  </datafield>
  <datafield tag="650" ind1=" " ind2="0">
    <subfield code="a">Forests and forestry</subfield>
    <subfield code="x">Research</subfield>
    <subfield code="z">Developing countries</subfield>
    <subfield code="x">Management</subfield>
    <subfield code="x">Congresses.</subfield>
    <subfield code="9">32703</subfield>
  </datafield>
  <datafield tag="650" ind1=" " ind2="0">
    <subfield code="a">Forests and forestry</subfield>
    <subfield code="x">Research</subfield>
    <subfield code="x">Management</subfield>
    <subfield code="x">Congresses.</subfield>
    <subfield code="9">32704</subfield>
  </datafield>
  <datafield tag="700" ind1="1" ind2=" ">
    <subfield code="a">Temu, A. B.</subfield>
    <subfield code="9">22503</subfield>
  </datafield>
  <datafield tag="710" ind1="2" ind2=" ">
    <subfield code="a">Kehitiysmaiden mets&#xE4;- ja puutalouden koulutus (Finland)</subfield>
    <subfield code="9">32705</subfield>
  </datafield>
  <datafield tag="906" ind1=" " ind2=" ">
    <subfield code="a">7</subfield>
    <subfield code="b">cbc</subfield>
    <subfield code="c">orignew</subfield>
    <subfield code="d">3</subfield>
    <subfield code="e">ncip</subfield>
    <subfield code="f">19</subfield>
    <subfield code="g">y-gencatlg</subfield>
  </datafield>
  <datafield tag="942" ind1=" " ind2=" ">
    <subfield code="2">ddc</subfield>
    <subfield code="c">BOOKS</subfield>
    <subfield code="n">0</subfield>
  </datafield>
  <datafield tag="999" ind1=" " ind2=" ">
    <subfield code="c">32604</subfield>
    <subfield code="d">32604</subfield>
  </datafield>
  <datafield tag="952" ind1=" " ind2=" ">
    <subfield code="0">0</subfield>
    <subfield code="1">0</subfield>
    <subfield code="2">ddc</subfield>
    <subfield code="4">0</subfield>
    <subfield code="7">0</subfield>
    <subfield code="8">REF</subfield>
    <subfield code="a">004</subfield>
    <subfield code="b">004</subfield>
    <subfield code="c">GEN</subfield>
    <subfield code="d">2022-03-10</subfield>
    <subfield code="l">0</subfield>
    <subfield code="o">634.9/072 TEM 1987</subfield>
    <subfield code="p">HUWGCFNRL00013077</subfield>
    <subfield code="r">2022-03-10 00:00:00</subfield>
    <subfield code="t">1</subfield>
    <subfield code="w">2022-03-10</subfield>
    <subfield code="y">BOOKS</subfield>
  </datafield>
  <datafield tag="952" ind1=" " ind2=" ">
    <subfield code="0">0</subfield>
    <subfield code="1">0</subfield>
    <subfield code="2">ddc</subfield>
    <subfield code="4">0</subfield>
    <subfield code="7">0</subfield>
    <subfield code="8">REF</subfield>
    <subfield code="a">004</subfield>
    <subfield code="b">004</subfield>
    <subfield code="c">GEN</subfield>
    <subfield code="d">2022-03-10</subfield>
    <subfield code="l">0</subfield>
    <subfield code="o">634.9/072 TEM 1987</subfield>
    <subfield code="p">HUWGCFNRL00013078</subfield>
    <subfield code="r">2022-03-10 00:00:00</subfield>
    <subfield code="t">2</subfield>
    <subfield code="w">2022-03-10</subfield>
    <subfield code="y">BOOKS</subfield>
  </datafield>
  <datafield tag="952" ind1=" " ind2=" ">
    <subfield code="0">0</subfield>
    <subfield code="1">0</subfield>
    <subfield code="2">ddc</subfield>
    <subfield code="4">0</subfield>
    <subfield code="7">0</subfield>
    <subfield code="8">REF</subfield>
    <subfield code="a">004</subfield>
    <subfield code="b">004</subfield>
    <subfield code="c">GEN</subfield>
    <subfield code="d">2022-03-10</subfield>
    <subfield code="l">0</subfield>
    <subfield code="o">634.9/072 TEM 1987</subfield>
    <subfield code="p">HUWGCFNRL00013079</subfield>
    <subfield code="r">2022-03-10 00:00:00</subfield>
    <subfield code="t">3</subfield>
    <subfield code="w">2022-03-10</subfield>
    <subfield code="y">BOOKS</subfield>
  </datafield>
</record>
